Les 100 plus grandes villes d'Espagne - Statistiques

Statistiques générales
  • Ce quiz a été pris 127 fois
  • Le résultat moyen est 27 sur 100
Statistiques - réponses
Indice Réponse % Correct
1,7 M Barcelone
100%
3,3 M Madrid
100%
684 K Séville
96%
825 K Valence
94%
350 K Bilbao
90%
578 K Malaga
85%
673 K Saragosse
83%
323 K Valladolid
69%
118 K Cadix
61%
209 K Pampelune
61%
189 K Saint-Sébastien
61%
323 K Cordoue
58%
441 K Palma de Majorque
58%
129 K Gérone
57%
381 K Alicante
56%
471 K Murcie
56%
294 K Vigo
56%
251 K La Corogne
55%
175 K Santander
55%
271 K Gijón
53%
382 K Las Palmas de Gran Canaria / Las Palmas
53%
156 K Almeria
50%
148 K Tarragone
48%
193 K Getafe
46%
223 K Oviedo
45%
98 K Saint-Jacques de Compostelle
44%
155 K Burgos
42%
147 K Elche
42%
54 K Ibiza
42%
149 K Salamanque
42%
85 K Tolède
41%
82 K Ceuta
38%
127 K Huelva
37%
161 K Marbella
36%
148 K Léon
32%
137 K Albacete
28%
105 K Badajoz
27%
88 K Jaén
26%
213 K Jerez / Jerez de la Frontera
25%
78 K Melilla
25%
233 K Grenade
24%
141 K Castellón de la Plana / Castellón
23%
55 K Cáceres
22%
195 K Léganes
22%
138 K Lérida
22%
112 K Carthagène
20%
160 K Logroño
19%
286 K L'Hospitalet de Llobregat
18%
260 K Vitoria-Gasteiz
18%
125 K Algésiras
17%
54 K Benidorm
17%
71 K Guadalajara
17%
59 K Mérida
17%
63 K Palencia
17%
56 K Ciudad Real
16%
211 K Santa Cruz de Tenerife
16%
231 K Badalone
15%
233 K Terrassa
15%
165 K Zamora
14%
140 K Mataró
12%
214 K Mostoles
12%
207 K Sabadell
12%
203 K Alcalá de Henares
11%
83 K Pontevedra
11%
60 K Motril
10%
91 K Ourense
10%
91 K Reus
10%
94 K Dos Hermanas
9%
98 K Lorca
8%
190 K Fuenlabrada
7%
90 K Fuengirola
6%
70 K Avilés
5%
160 K Torrejón de Ardoz
5%
128 K Torremolinos
5%
66 K Torrevieja
5%
64 K Ferrol
4%
83 K Gandia / Gandie
4%
83 K San Fernando
4%
64 K El Puerto de Santa María
3%
100 K Granollers
3%
77 K Manrèse
3%
63 K Ponferrada
3%
67 K Valdemoro
3%
175 K Alcoron
2%
55 K Alcoy
2%
70 K Arrecife
2%
78 K Castelldefels
2%
69 K Elda
2%
85 K Sant Boi de Llobregat
2%
60 K Talavera de la Reina
2%
69 K Telde
2%
87 K Rivas-Vaciamadrid
1%
161 K San Cristobal de la Laguna
1%
75 K Collado Villalba
0%
59 K Igualada
0%
55 K La Orotava
0%
55 K Linares
0%
61 K Los Cristianos
0%
146 K Mairena del Aljarafe
0%
67 K Vilanova i la Geltrú
0%
Aucun quiz correspondant
Distribution des résultats
% des personnes avec chaque résultat
Percentile par nombre de réponses
Votre historique - résultats
Vous n’avez pas pris ce quiz